[Event "15th LCC Super Rapid 2025"]
[Site "London ENG"]
[Date "2025.12.06"]
[Round "4.40"]
[White "Vashisht-Pigem, Raman"]
[Black "Lohia, Sohum"]
[Result "1/2-1/2"]
[BlackTitle "IM"]
[WhiteElo "2010"]
[BlackElo "2391"]
[WhiteFideId "469734"]
[BlackFideId "5819369"]
[EventDate "2025.12.06"]

1. e4 e5 2. Nf3 Nc6 3. Bb5 g6 4. O-O Bg7 5. c3 a6 6. Ba4 b5 7. Bc2 d6 8. h3 Nf6
9. Re1 O-O 10. d4 Re8 11. d5 Ne7 12. Nbd2 c6 13. dxc6 Nxc6 14. Nf1 h6 15. a4 Be6
16. Ng3 d5 17. Be3 Qc7 18. axb5 axb5 19. Qe2 b4 20. exd5 Nxd5 21. Bd2 Rxa1 22.
Rxa1 Nf4 23. Qe1 bxc3 24. bxc3 Rd8 25. Bxf4 exf4 26. Ne4 Bf5 27. Rd1 Rxd1 28.
Qxd1 Ne5 29. Nxe5 Qxe5 30. Qf3 g5 31. Bd3 Bg6 32. Nd2 Qe1+ 33. Nf1 Bxd3 34. Qxd3
Bxc3 35. Qd8+ Kg7 36. Qd3 Bf6 37. Qd2 Qa1 38. Qe2 Be5 39. Qf3 Qb2 40. Nh2 Qb1+
41. Nf1 Qc2 42. Nh2 Bd4 43. h4 Qb1+ 44. Nf1 Qf5 45. hxg5 hxg5 46. Ng3 Qb1+ 47.
Nf1 Bf6 48. g3 fxg3 49. Qxg3 Kg6 50. Kg2 Qe4+ 51. Qf3 Qxf3+ 52. Kxf3 Bd4 53. Ng3
f5 54. Ne2 Be5 55. Kg2 Kf6 56. Ng1 Ke6 57. Kf3 Kd5 58. Ne2 Ke6 59. Ke3 Bd6 60.
Kf3 Kf6 61. Ke3 Bc5+ 62. Kf3 Kg6 63. Kg3 Kh5 64. f3 Bd6+ 65. Kg2 Be5 66. Nc1 Kg6
67. Nd3 Kf6 68. Nc1 Ke6 69. Nd3 Kd5 70. Nf2 Bf4 71. Kf1 Be3 72. Nd3 Ba7 73. Ke2
Bb6 74. Nb4+ Ke5 75. Nd3+ Kf6 76. Kf1 Bc7 77. Ke2 Kg6 78. Kf2 Bd6 79. Ke2 Kh5
80. Kf1 Kg6 81. Ke2 Kf7 82. Nf2 Ke6 83. Nh3 Be7 84. Nf2 Kd5 85. Nd3 Kd4 86. Nf2
Bd8 87. Nd3 Bc7 88. Nf2 Bf4 89. Nd3 Bg3 90. Kd2 Bh4 91. Ke2 Bg3 92. Kd2 Bf4+ 93.
Ke2 Kc3 94. Nc5 Kc4 95. Nd3 Bd6 96. Nf2 Kd4 97. Nd3 g4 98. fxg4 fxg4 99. Nf2 g3
100. Kf3 gxf2 101. Kxf2 1/2-1/2

[Event "15th LCC Super Rapid 2025"]
[Site "London ENG"]
[Date "2025.12.06"]
[Round "4.42"]
[White "Siva, Mahadevan"]
[Black "Silva, Lourenco Santa Clara"]
[Result "1-0"]
[WhiteTitle "IM"]
[WhiteElo "2424"]
[BlackElo "1992"]
[WhiteFideId "25043153"]
[BlackFideId "1971344"]
[EventDate "2025.12.06"]

1. d4 Nf6 2. Nf3 e6 3. Bg5 Be7 4. Nbd2 b6 5. e4 Bb7 6. Bd3 d6 7. Qe2 Nbd7 8.
O-O-O c5 9. e5 Nd5 10. Ne4 f6 11. Nxd6+ Bxd6 12. exd6 Nf8 13. Ne5 a6 14. Qh5+ g6
15. Bxg6+ Nxg6 16. Nxg6 hxg6 17. Qxh8+ Kd7 18. Qg7+ Kc6 19. c4 fxg5 20. cxd5+
exd5 21. dxc5 Rc8 22. Rhe1 bxc5 23. Re7 Ba8 24. d7 Rb8 25. Re8 Qc7 26. Qf6+ Kb5
27. Rxb8+ 1-0

[Event "15th LCC Super Rapid 2025"]
[Site "London ENG"]
[Date "2025.12.06"]
[Round "4.43"]
[White "Vaddadi, Seshagiri"]
[Black "Stephan, Axel"]
[Result "0-1"]
[WhiteElo "1990"]
[BlackElo "2228"]
[WhiteFideId "411183"]
[BlackFideId "4632834"]
[EventDate "2025.12.06"]

1. e4 c5 2. Nf3 e6 3. d4 cxd4 4. Nxd4 Nf6 5. Nc3 d6 6. Be2 a6 7. O-O Qc7 8. Be3
b5 9. a3 Bb7 10. Bf3 Nbd7 11. Qe2 Ne5 12. Rad1 Be7 13. g3 Nxf3+ 14. Qxf3 O-O 15.
Rfe1 d5 16. exd5 Nxd5 17. Nxd5 Bxd5 18. Qg4 Rfe8 19. Bf4 Qb7 20. h4 Kh8 21. Be5
Bf8 22. Ne2 f6 23. Bc3 e5 24. f4 Be6 25. f5 Bd5 26. Rd3 Be4 27. Re3 Bc5 28. Nd4
exd4 29. Rxe4 dxc3+ 30. Kh2 Rxe4 31. Rxe4 cxb2 32. Qe2 Qd7 0-1

[Event "15th LCC Super Rapid 2025"]
[Site "London ENG"]
[Date "2025.12.06"]
[Round "4.44"]
[White "Gaal, Zsoka"]
[Black "Heaton, Paul"]
[Result "1-0"]
[WhiteTitle "IM"]
[WhiteElo "2383"]
[BlackElo "1978"]
[WhiteFideId "777765"]
[BlackFideId "411116"]
[EventDate "2025.12.06"]

1. c4 Nf6 2. Nc3 c5 3. g3 g6 4. Bg2 Bg7 5. d3 O-O 6. e4 d6 7. Nge2 Nc6 8. O-O a6
9. h3 Rb8 10. a4 Ne8 11. Be3 Nc7 12. d4 cxd4 13. Nxd4 Nxd4 14. Bxd4 b5 15. cxb5
axb5 16. a5 b4 17. Nd5 Nxd5 18. exd5 Bxd4 19. Qxd4 Ba6 20. Rfe1 Qd7 21. h4 Rfc8
22. h5 Rc5 23. h6 f6 24. Re6 b3 25. Rae1 Re8 26. Bh3 Qd8 27. Rxf6 exf6 28. Rxe8+
Qxe8 29. Be6+ Qxe6 30. dxe6 Rc1+ 31. Kg2 Bb7+ 32. f3 Rc2+ 33. Kh3 Bxf3 34. Qxf6
Bg2+ 35. Kh4 Rc4+ 36. g4 1-0

[Event "15th LCC Super Rapid 2025"]
[Site "London ENG"]
[Date "2025.12.06"]
[Round "4.45"]
[White "Koschetzki, Christian"]
[Black "Maier, Christian"]
[Result "1/2-1/2"]
[BlackTitle "IM"]
[WhiteElo "1980"]
[BlackElo "2192"]
[WhiteFideId "24691658"]
[BlackFideId "4601955"]
[EventDate "2025.12.06"]

1. d4 Nf6 2. Nf3 e6 3. c4 d5 4. Nc3 Be7 5. Bg5 c6 6. e3 Nbd7 7. cxd5 exd5 8. Bd3
O-O 9. O-O Re8 10. Rb1 Ne4 11. Bxe7 Qxe7 12. Qc2 Ndf6 13. b4 a6 14. a4 Bd7 15.
b5 cxb5 16. axb5 Rec8 17. Rb3 Bxb5 18. Bxb5 axb5 19. Qb2 b4 20. Ne2 Ra4 21. Nf4
Nc3 22. Nd3 Ra2 23. Rxc3 Rxc3 24. Qxa2 Rxd3 25. Qa8+ Qf8 26. Qxb7 Ne4 27. Qxd5
Nf6 28. Qb5 Rc3 29. h3 Rb3 30. Ne5 h6 31. Ra1 Kh7 32. Qc4 1/2-1/2

[Event "15th LCC Super Rapid 2025"]
[Site "London ENG"]
[Date "2025.12.06"]
[Round "4.46"]
[White "Terler, Bohdan"]
[Black "Tsakiris, Haralambos"]
[Result "1/2-1/2"]
[BlackTitle "FM"]
[WhiteElo "2082"]
[BlackElo "2159"]
[WhiteFideId "34102264"]
[BlackFideId "4223314"]
[EventDate "2025.12.06"]

1. e4 e6 2. d4 d5 3. Nd2 c5 4. exd5 Qxd5 5. Ngf3 cxd4 6. Bc4 Qd8 7. O-O a6 8.
Nb3 Nc6 9. Nbxd4 Nxd4 10. Nxd4 Qc7 11. Bb3 Bd6 12. h3 Ne7 13. c3 O-O 14. Qe2 b6
15. Be3 Bb7 16. Rfd1 Rfe8 17. Qg4 Ng6 18. h4 Ne5 19. Qh3 Nc4 20. Bxc4 Qxc4 21.
Nf5 Be5 22. Nd6 Bxd6 23. Rxd6 b5 24. Rd4 Qe2 25. Qg3 Qc2 26. Rad1 Qg6 27. Rg4
Qf6 28. Bg5 Qf5 29. Bh6 g6 30. Rgd4 e5 31. Rd6 Re6 32. Rd8+ Re8 33. R8d6 Re6 34.
Rd8+ Re8 35. R8d7 Bc6 36. R7d6 Re6 37. Rd8+ Re8 38. R8d6 Re6 39. Rd8+ Re8 40.
R8d6 Re6 41. Rd8+ Re8 1/2-1/2

[Event "15th LCC Super Rapid 2025"]
[Site "London ENG"]
[Date "2025.12.06"]
[Round "4.47"]
[White "Golding, Alex"]
[Black "Smith, Ryan M"]
[Result "1-0"]
[WhiteTitle "IM"]
[WhiteElo "2370"]
[BlackElo "1849"]
[WhiteFideId "427241"]
[BlackFideId "463175"]
[EventDate "2025.12.06"]

1. Nf3 d5 2. b3 Nf6 3. Bb2 e6 4. g3 Be7 5. Bg2 O-O 6. O-O c5 7. d3 b6 8. Nbd2
Bb7 9. Re1 Nc6 10. e4 Qc7 11. Qe2 b5 12. c3 b4 13. e5 Nd7 14. c4 dxc4 15. Nxc4
Nb6 16. Rac1 Rfd8 17. Red1 Rac8 18. Nfd2 Nd4 19. Bxd4 Rxd4 20. Bxb7 Qxb7 21. Ne4
Nxc4 22. Rxc4 Qd5 23. f4 Rd8 24. Rxd4 Qxd4+ 25. Qf2 f5 26. Qxd4 Rxd4 27. Nf2 g5
28. Nh3 gxf4 29. gxf4 a5 30. Kf2 a4 31. Ke3 a3 32. Ng1 Kf7 33. Nf3 Rd8 34. Rg1
h6 35. Rg2 Rd7 36. Rc2 Bd8 37. d4 cxd4+ 38. Kd3 Bb6 39. Rc4 Ba5 40. Rc6 Rd8 41.
Nxd4 h5 42. Ra6 Bc7 43. Kc4 Bb8 44. Nc6 Rd2 45. Nxb8 Rxa2 46. Kxb4 Rxh2 47. Rxa3
h4 48. Nc6 h3 49. Kb5 Rf2 50. b4 h2 51. Rh3 Ke8 52. Kb6 Rxf4 53. Rxh2 Re4 54.
Rh6 Kf7 55. Rf6+ Ke8 56. Rxe6+ Kf7 57. Rf6+ Ke8 58. Rxf5 Kd7 59. b5 Kc8 60. Rf7 1-0

[Event "15th LCC Super Rapid 2025"]
[Site "London ENG"]
[Date "2025.12.06"]
[Round "4.48"]
[White "Dishman, Stephen"]
[Black "Abhyuday, Santhosh"]
[Result "0-1"]
[WhiteTitle "FM"]
[BlackTitle "CM"]
[WhiteElo "2239"]
[BlackElo "2094"]
[WhiteFideId "403024"]
[BlackFideId "25624849"]
[EventDate "2025.12.06"]

1. Nf3 d6 2. d4 Nf6 3. Nc3 Bf5 4. Nh4 Bd7 5. e4 e5 6. Nf3 exd4 7. Nxd4 Nc6 8.
Be3 a6 9. f3 g6 10. Qd2 Bg7 11. O-O-O O-O 12. h4 b5 13. Nxc6 Bxc6 14. Bh6 b4 15.
Nd5 Bxd5 16. exd5 Re8 17. h5 Qe7 18. hxg6 fxg6 19. Bxg7 Kxg7 20. Qxb4 Qe3+ 21.
Qd2 Nxd5 22. Bc4 Nb6 23. Bb3 Qxd2+ 24. Kxd2 Re5 25. Rde1 Rae8 26. f4 Rxe1 27.
Rxe1 Rxe1 28. Kxe1 Kf6 29. Kf2 c5 30. c3 h6 31. Kf3 a5 32. Bc2 g5 33. Bd3 Na4
34. fxg5+ hxg5 35. Ke4 Nxb2 36. Ba6 Na4 37. c4 Nc3+ 38. Kd3 Nxa2 39. Bb5 Ke5 40.
Kc2 Kd4 41. Kb3 Nc3 42. Ba6 Nd1 43. Ka4 Ne3 44. Kxa5 Nxc4+ 45. Ka4 Ne3 46. g3
Nf5 47. g4 Ne3 48. Be2 d5 49. Kb3 Ng2 50. Kc2 Nf4 51. Bd1 c4 52. Kd2 c3+ 53. Kc2
Ng2 54. Be2 Ne3+ 55. Kc1 Ke4 56. Kb1 d4 0-1

[Event "15th LCC Super Rapid 2025"]
[Site "London ENG"]
[Date "2025.12.06"]
[Round "4.49"]
[White "Shaw, Dashiell L"]
[Black "Noy, Eyal"]
[Result "0-1"]
[BlackTitle "FM"]
[WhiteElo "1972"]
[BlackElo "2275"]
[WhiteFideId "412007"]
[BlackFideId "2821117"]
[EventDate "2025.12.06"]

1. e4 e5 2. Nf3 Nc6 3. Bc4 Bc5 4. d3 Nf6 5. O-O O-O 6. h3 d6 7. c3 Be6 8. Nbd2
a6 9. Re1 Re8 10. Bb3 Qd7 11. Nf1 Rad8 12. Be3 Bxe3 13. Nxe3 d5 14. Ng5 d4 15.
Nxe6 fxe6 16. Ng4 dxc3 17. Nxf6+ gxf6 18. bxc3 Qxd3 19. Qg4+ Kh8 20. Re3 Qd7 21.
Rf1 Qe7 22. Qh4 f5 23. Qh5 f4 24. Rf3 Rg8 25. g3 Rg5 26. Qh6 Rg6 27. Qh5 Rdg8
28. Kh1 Qg7 29. gxf4 Rg1+ 0-1

[Event "15th LCC Super Rapid 2025"]
[Site "London ENG"]
[Date "2025.12.06"]
[Round "4.50"]
[White "Mirzoeva, Elmira"]
[Black "Alizada, Eldar"]
[Result "1-0"]
[WhiteTitle "WGM"]
[WhiteElo "2298"]
[BlackElo "1976"]
[WhiteFideId "4127951"]
[BlackFideId "464104"]
[EventDate "2025.12.06"]

1. d4 d5 2. c4 e6 3. Nc3 Nf6 4. Nf3 Be7 5. Bg5 O-O 6. e3 h6 7. Bh4 b6 8. Qc2 Bb7
9. cxd5 Nxd5 10. Nxd5 Bxd5 11. Bxe7 Qxe7 12. Be2 Rc8 13. O-O c5 14. Rac1 Bb7 15.
Qa4 Nd7 16. Rc3 a6 17. Rfc1 b5 18. Qd1 cxd4 19. Qxd4 e5 20. Qd2 Nb6 21. Rxc8+
Rxc8 22. Rxc8+ Bxc8 23. Qc3 f6 24. Qc6 Qd8 25. h3 Nd5 26. Bd1 Ne7 27. Bb3+ Kh8
28. Qc5 Bb7 29. Nh4 Bd5 30. Qxe7 Qa8 31. Nf5 1-0

[Event "15th LCC Super Rapid 2025"]
[Site "London ENG"]
[Date "2025.12.06"]
[Round "4.51"]
[White "Verbytski, Oleg"]
[Black "Mokhber-Garcia, Sebastian"]
[Result "1-0"]
[WhiteElo "2092"]
[BlackElo "1872"]
[WhiteFideId "495506"]
[BlackFideId "499269"]
[EventDate "2025.12.06"]

1. e4 e5 2. Nf3 Nc6 3. Bc4 Nf6 4. d3 Bc5 5. c3 d6 6. O-O a6 7. a4 Ba7 8. a5 h6
9. Re1 O-O 10. h3 Kh8 11. Be3 Bxe3 12. Rxe3 Ng8 13. d4 Qe7 14. Qb3 f5 15. exf5
Bxf5 16. dxe5 Nxe5 17. Nbd2 Qd7 18. Nxe5 dxe5 19. Nf3 e4 20. Nd4 Bh7 21. Ne6
Rfb8 22. Rd1 Qe7 23. Rg3 g5 24. h4 Bf5 25. hxg5 Bxe6 26. Bxe6 Rd8 27. Bxg8 Rxg8
28. Qxb7 hxg5 29. Qc6 g4 30. Rd7 Qg5 31. Rxg4 Qc1+ 32. Kh2 Rxg4 33. Qf6+ 1-0

[Event "15th LCC Super Rapid 2025"]
[Site "London ENG"]
[Date "2025.12.06"]
[Round "4.52"]
[White "Eggink, Mateusz"]
[Black "Dupuis, Denis K"]
[Result "1-0"]
[WhiteElo "2119"]
[BlackElo "2005"]
[WhiteFideId "1135490"]
[BlackFideId "452980"]
[EventDate "2025.12.06"]

1. d4 d5 2. Nf3 Nf6 3. g3 Bf5 4. Bg2 e6 5. O-O h6 6. c4 c6 7. Qb3 Qc8 8. Nc3 Be7
9. Bf4 O-O 10. Rac1 Nbd7 11. Rfe1 g5 12. Bd2 Ne4 13. cxd5 Nxc3 14. dxc6 Nxe2+
15. Rxe2 bxc6 16. h4 gxh4 17. Bxh6 hxg3 18. Ne5 Nxe5 19. Bxf8 Nd3 20. Bxe7 Nxc1
21. Qxg3+ Bg6 22. Rc2 Nxa2 23. Rxc6 Qb8 24. Rc7 Nb4 25. Bxb4 1-0

[Event "15th LCC Super Rapid 2025"]
[Site "London ENG"]
[Date "2025.12.06"]
[Round "4.53"]
[White "Amoako Philip Selikem Yao"]
[Black "Zapolskis, Antanas"]
[Result "0-1"]
[BlackTitle "IM"]
[WhiteElo "1934"]
[BlackElo "2215"]
[WhiteFideId "12602256"]
[BlackFideId "12800210"]
[EventDate "2025.12.06"]

1. e4 c5 2. Nc3 Nc6 3. g3 g6 4. Bg2 Bg7 5. d3 d6 6. Be3 Nf6 7. h3 O-O 8. Nge2
Rb8 9. Qd2 b5 10. Bh6 b4 11. Nd1 Nd4 12. Bxg7 Kxg7 13. Ne3 e5 14. g4 Nxe2 15.
Qxe2 Be6 16. O-O h5 17. f4 exf4 18. Rxf4 hxg4 19. hxg4 Nd7 20. Nf5+ Bxf5 21.
gxf5 g5 22. f6+ Nxf6 23. Rf5 Nd7 24. d4 cxd4 25. Qd2 f6 26. Qxd4 Ne5 27. Rd1 Qb6
28. Rf2 Qxd4 29. Rxd4 Rb6 30. Rd5 Rc8 31. Bf1 Rc5 32. Rxc5 dxc5 33. Kg2 Rd6 34.
Kg3 Rd4 35. Re2 c4 36. Bh3 b3 37. axb3 cxb3 38. cxb3 Rd3+ 39. Kg2 g4 40. Bxg4
Nxg4 41. Kf1 Rxb3 42. Rg2 f5 43. exf5 Rb4 44. b3 Kf6 45. Ra2 Rb7 46. Ra5 Ne3+
47. Ke2 Nxf5 48. Kd2 Nd4 49. Ra6+ Ke5 50. b4 Kd5 51. Kd3 Nc6 52. Kc3 Nxb4 53.
Ra5+ Kc6 54. Kc4 Nc2 55. Ra6+ Kc7 56. Kc5 Kb8 57. Rh6 Rc7+ 58. Kb5 Nd4+ 59. Kb4
Kb7 60. Rd6 Nc6+ 61. Ka4 Re7 62. Rf6 Kb6 63. Rf4 Rd7 64. Rf6 Rd4+ 65. Kb3 Re4
66. Rh6 Kb5 67. Rh5+ Re5 68. Rh3 a5 69. Ka3 a4 70. Rd3 Na5 71. Rd8 Nc4+ 72. Ka2
Re2+ 73. Ka1 Kb4 74. Rd3 Re3 75. Rd8 Kc3 76. Rd1 Kc2 0-1

[Event "15th LCC Super Rapid 2025"]
[Site "London ENG"]
[Date "2025.12.06"]
[Round "4.54"]
[White "Sommerbauer-Cornell, Ben"]
[Black "Fernandez, Michael"]
[Result "1-0"]
[BlackTitle "FM"]
[WhiteElo "1985"]
[BlackElo "2243"]
[WhiteFideId "494712"]
[BlackFideId "5803560"]
[EventDate "2025.12.06"]

1. e4 c6 2. d4 d5 3. e5 Bf5 4. h4 h5 5. Bg5 Qb6 6. Bd3 Bxd3 7. Qxd3 e6 8. Nd2
Nh6 9. Ngf3 Nf5 10. O-O Qa6 11. c4 Bb4 12. b3 Nd7 13. a3 Be7 14. Bxe7 Kxe7 15.
Qc2 Rhc8 16. Rfc1 b5 17. c5 Qb7 18. Nf1 Qc7 19. Qd2 Kf8 20. Ne3 Nxe3 21. fxe3
Kg8 22. Ng5 Rf8 23. Rf1 Rae8 24. Qd3 g6 25. Rxf7 Nxe5 26. Rxf8+ Rxf8 27. dxe5
Rf5 28. Qd4 Qxe5 29. Qxe5 Rxe5 30. Kf2 a5 31. Nf3 Rf5 32. Ke2 e5 33. Rf1 Kg7 34.
Ng5 Kf6 35. e4 Rxf1 36. Kxf1 dxe4 37. Ke2 Kf5 38. Ke3 Kg4 39. Ne6 Kxh4 40. Nd8
Kg3 41. Nxc6 g5 42. Nxe5 1-0

[Event "15th LCC Super Rapid 2025"]
[Site "London ENG"]
[Date "2025.12.06"]
[Round "4.55"]
[White "Shafi, Declan"]
[Black "Blake, J Morgan"]
[Result "0-1"]
[BlackTitle "CM"]
[WhiteElo "2162"]
[BlackElo "2065"]
[WhiteFideId "2405156"]
[BlackFideId "423394"]
[EventDate "2025.12.06"]

1. Nf3 d5 2. g3 Nf6 3. Bg2 c5 4. O-O Nc6 5. d4 Bg4 6. Ne5 Bh5 7. Nxc6 bxc6 8.
dxc5 e6 9. Be3 Rb8 10. c4 Rxb2 11. Qa4 Qd7 12. Nc3 Be7 13. Rab1 Rxb1 14. Rxb1
O-O 15. Qa6 Ng4 16. Rb7 Qc8 17. Qxa7 Nxe3 18. Rxe7 Nxg2 19. Kxg2 d4 20. Ne4 Bxe2
21. Nd6 Qb8 22. Qb6 d3 23. Rb7 Qxb7 24. Qxb7 d2 25. Nxf7 d1=Q 0-1

[Event "15th LCC Super Rapid 2025"]
[Site "London ENG"]
[Date "2025.12.06"]
[Round "4.56"]
[White "Bansal, Saahil"]
[Black "Banerjee, Supratit"]
[Result "0-1"]
[BlackTitle "FM"]
[WhiteElo "2016"]
[BlackElo "2323"]
[WhiteFideId "438316"]
[BlackFideId "2410079"]
[EventDate "2025.12.06"]

1. b3 Nf6 2. Bb2 g6 3. Nf3 Bg7 4. g3 O-O 5. Bg2 d6 6. O-O e5 7. d3 Nbd7 8. Nbd2
h6 9. c4 a5 10. Qc2 Re8 11. h3 Qe7 12. Kh2 a4 13. Rae1 Nc5 14. b4 a3 15. bxc5
axb2 16. cxd6 Qxd6 17. Qxb2 e4 18. Nd4 exd3 19. exd3 Rd8 20. N2b3 Nh7 21. c5
Bxd4 22. cxd6 Bxb2 23. dxc7 Rd7 24. Re8+ Nf8 25. Bxb7 Bxb7 26. Rxa8 Rxc7 27. Ra7
Ne6 28. Na5 Bd5 29. Rxc7 Nxc7 30. Nc4 Bd4 31. a4 Na6 32. Ne3 Bb7 33. Rb1 Bc6 34.
a5 Kf8 35. g4 Ke7 36. Kg3 Ke6 37. Nc4 g5 38. Re1+ Kf6 39. f4 Nc5 40. fxg5+ hxg5
41. h4 gxh4+ 42. Kh3 Nxd3 43. Rf1+ Bf2 44. Nd2 Nf4+ 45. Kh2 Bg3+ 46. Kg1 h3 47.
Nf3 Ne2+ 48. Kh1 Nd4 49. g5+ 0-1

[Event "15th LCC Super Rapid 2025"]
[Site "London ENG"]
[Date "2025.12.06"]
[Round "4.57"]
[White "Josse, Mark"]
[Black "Sagues, Vincent"]
[Result "1-0"]
[WhiteTitle "CM"]
[WhiteElo "2107"]
[BlackElo "1950"]
[WhiteFideId "414476"]
[BlackFideId "625680"]
[EventDate "2025.12.06"]

1. c4 c6 2. Nf3 d5 3. g3 Nf6 4. Bg2 Bf5 5. O-O e6 6. b3 h6 7. Bb2 Be7 8. d3 O-O
9. Nbd2 Nbd7 10. Re1 Bh7 11. a3 a5 12. cxd5 exd5 13. Nd4 Re8 14. Nf1 Qb6 15. Ne3
Bc5 16. Nec2 Nf8 17. Rf1 Rad8 18. Qd2 Bd6 19. Ne3 Be5 20. Ndf5 d4 21. Nc4 Qc7
22. Nh4 b6 23. Rac1 c5 24. b4 axb4 25. axb4 Bd6 26. Rfe1 Ne6 27. b5 Be7 28. Bc6
Rf8 29. Ra1 Nd5 30. Nf3 Nb4 31. Reb1 Nxc6 32. bxc6 Qxc6 33. Ra6 Rb8 34. Bc1 Ng5
35. Nxg5 Bxg5 36. Qb2 Bxc1 37. Rxc1 Bf5 38. Rxb6 Rxb6 39. Qxb6 Qd5 40. Qd6 Rd8
41. Qxd5 Rxd5 42. f3 Be6 43. Nd2 f5 44. f4 Kf7 45. Nb3 Rd8 46. Nxc5 Rc8 47. Nb3
Rc3 48. Rxc3 dxc3 49. Nd4 Ke7 50. Kf1 Ba2 51. Ke1 Bb1 52. Kd1 Kf6 53. Kc1 Ba2
54. Kc2 g5 55. Kxc3 h5 56. h4 gxh4 57. gxh4 Bf7 58. Nf3 Be8 59. Kd4 Bc6 60. Kc5
Ba8 61. d4 Be4 62. Ng5 Bg2 63. d5 Ke7 64. Kd4 Kd6 65. e4 fxe4 66. Nxe4+ Ke7 67.
Ke5 Kd7 68. Nf6+ Kd8 69. Nxh5 Ke7 70. Nf6 Kd8 71. h5 1-0

[Event "15th LCC Super Rapid 2025"]
[Site "London ENG"]
[Date "2025.12.06"]
[Round "4.58"]
[White "Jain, Gautam"]
[Black "Bonn, Thomas"]
[Result "0-1"]
[WhiteElo "1988"]
[BlackElo "2090"]
[WhiteFideId "425311"]
[BlackFideId "638242"]
[EventDate "2025.12.06"]

1. e4 c5 2. Nc3 Nc6 3. a4 e6 4. Nge2 d5 5. exd5 exd5 6. d4 Nf6 7. Be3 cxd4 8.
Nxd4 Bb4 9. Bb5 Bd7 10. O-O O-O 11. Nce2 a6 12. Bd3 Ng4 13. Bf4 Qf6 14. c3 Bd6
15. Bxd6 Qxd6 16. Ng3 Nxd4 17. cxd4 Qb4 18. Ra3 g6 19. Rb3 Qxd4 20. Rxb7 Bxa4
21. Qf3 Ne5 22. Qf6 Qxd3 23. Qxe5 Bb5 24. h4 h5 25. Rc1 Rac8 26. Rxc8 Rxc8 27.
Rb8 Rxb8 28. Qxb8+ Kg7 29. Qe5+ Kf8 30. Qd6+ Ke8 31. Qb8+ Ke7 32. Qe5+ Kd7 33.
Qf6 Ke8 34. Qe5+ Kd8 35. Qf6+ Kc7 36. Qxf7+ Kb6 37. Kh2 Ka5 38. Qc7+ Kb4 39.
Qd6+ Kb3 40. Qa3+ Kc2 41. Qa2 Qb3 42. Qa5 Kxb2 43. Qd2+ Ka3 44. Ne2 Bxe2 45.
Qxe2 Qc4 46. Qe3+ Kb4 47. Qd2+ Kb3 48. g3 d4 49. Qd1+ Kb4 50. Qb1+ Kc3 51. Qc1+
Kd3 52. Qf1+ Kc3 53. Qc1+ Kb4 54. Qb1+ Qb3 55. Qxg6 Kc3 56. Qxa6 d3 57. Qa5+ Kc2
58. Qxh5 d2 59. Qc5+ Kb1 60. Qd4 d1=Q 61. Qxd1+ Qxd1 62. Kh3 Qf3 63. h5 Qxh5+
64. Kg2 Kc2 65. f3 Kd2 66. g4 Qh4 0-1

[Event "15th LCC Super Rapid 2025"]
[Site "London ENG"]
[Date "2025.12.06"]
[Round "4.59"]
[White "Lucchi, Lorenzo"]
[Black "Clery, Liam"]
[Result "1-0"]
[WhiteElo "2006"]
[BlackElo "1779"]
[WhiteFideId "821160"]
[BlackFideId "343402879"]
[EventDate "2025.12.06"]

1. e4 Nf6 2. e5 Nd5 3. d4 d6 4. c4 Nb6 5. f4 dxe5 6. fxe5 Nc6 7. Be3 Bf5 8. Nf3
e6 9. Be2 Be7 10. Nc3 O-O 11. O-O f6 12. exf6 Bxf6 13. Qd2 Qe7 14. c5 Nd5 15.
Bc4 Rad8 16. Bf2 Kh8 17. Nxd5 exd5 18. Bb3 Be4 19. Rae1 h6 20. Bg3 Rfe8 21. Ba4
Qd7 22. Ne5 Qe6 23. Nxc6 bxc6 24. Bxc7 Rc8 25. Bd6 Qg4 26. Bg3 h5 27. Bd1 Qg6
28. Bf3 Bd3 29. Bxh5 Bxd4+ 30. Kh1 Rxe1 31. Rxe1 Qf5 32. Bg4 Qxg4 33. Qxd3 Bxc5
34. h3 Qg5 35. b4 Bxb4 36. Re5 Qc1+ 37. Kh2 Kg8 38. Qf5 Rd8 39. Qe6+ 1-0

[Event "15th LCC Super Rapid 2025"]
[Site "London ENG"]
[Date "2025.12.06"]
[Round "4.60"]
[White "Li, Harvey"]
[Black "Hobson, Kenneth"]
[Result "1-0"]
[BlackTitle "FM"]
[WhiteElo "1878"]
[BlackElo "2307"]
[WhiteFideId "343407790"]
[BlackFideId "480819"]
[EventDate "2025.12.06"]

1. d4 Nf6 2. c4 e6 3. Nc3 Bb4 4. e3 O-O 5. Bd2 d5 6. cxd5 exd5 7. Bd3 b6 8. Nge2
c5 9. a3 Bxc3 10. bxc3 Nc6 11. O-O Re8 12. Re1 Bg4 13. f3 Bd7 14. Ng3 Qc8 15.
Qc2 h5 16. Qb1 Qc7 17. Qb2 h4 18. Nf1 Re7 19. e4 dxe4 20. fxe4 Rae8 21. e5 Nh7
22. Bxh7+ Kxh7 23. Bg5 f6 24. Bxh4 Bf5 25. Ne3 Qd7 26. Qf2 Bg6 27. exf6 Re4 28.
fxg7 cxd4 29. cxd4 Qxd4 30. Bg5 Qe5 31. Bf6 Qe6 32. Bg5 Qe5 33. h4 Qxg7 34. Rac1
Rf8 35. Qg3 Ne5 36. Nd5 Rxe1+ 37. Rxe1 Nc6 38. Kh1 Rf5 39. Qd6 Qb7 40. Ne7 Ne5
41. Nxf5 1-0

[Event "15th LCC Super Rapid 2025"]
[Site "London ENG"]
[Date "2025.12.06"]
[Round "4.61"]
[White "Dasgupta, Avyukt"]
[Black "Marin Aso, Jose Luis"]
[Result "1-0"]
[WhiteTitle "CM"]
[WhiteElo "2145"]
[BlackElo "1939"]
[WhiteFideId "480630"]
[BlackFideId "24537594"]
[EventDate "2025.12.06"]

1. d4 Nf6 2. Bg5 e6 3. e3 c5 4. c3 d5 5. Nd2 Bd6 6. Ngf3 Nbd7 7. Bb5 O-O 8. O-O
Qc7 9. Bd3 b6 10. h3 Bb7 11. Qc2 c4 12. Be2 b5 13. b3 Rab8 14. a4 cxb3 15. Qxb3
bxa4 16. Qxa4 a6 17. Bxa6 Ne4 18. Nxe4 dxe4 19. Bxb7 Rxb7 20. Nd2 h6 21. Bh4 g5
22. Bg3 Bxg3 23. fxg3 Qxg3 24. Rae1 Rb2 25. Re2 Qc7 26. Qa3 Qb7 27. Ref2 f5 28.
Nxe4 Rxf2 29. Nxf2 Nf6 30. Qa2 Re8 31. Rb1 Qc6 32. c4 Qe4 33. Nxe4 1-0

[Event "15th LCC Super Rapid 2025"]
[Site "London ENG"]
[Date "2025.12.06"]
[Round "4.62"]
[White "Buratti, Eliott"]
[Black "Morea, Georgiana-Steluta"]
[Result "0-1"]
[WhiteElo "1728"]
[BlackElo "1920"]
[WhiteFideId "1354191"]
[BlackFideId "1204319"]
[EventDate "2025.12.06"]

1. d4 Nf6 2. Nf3 d6 3. Bf4 Nh5 4. Bg3 Nxg3 5. hxg3 Nd7 6. e3 Nf6 7. c3 Bf5 8.
Bd3 Bg4 9. Nbd2 g6 10. Qb3 Qc8 11. Ng5 d5 12. e4 c6 13. e5 Nh5 14. Ndf3 Bh6 15.
Qc2 Qd7 16. Nxh7 O-O-O 17. Nhg5 Rdf8 18. Nh3 Kb8 19. O-O Bxh3 20. gxh3 Qxh3 21.
Nh2 Nf4 22. gxf4 Bxf4 23. f3 Bxh2+ 24. Qxh2 Qxh2# 0-1